000 00343nam a22001457a 4500
999 _c9215
_d9215
003 OSt
008 201119b ||||| |||| 00| 0 eng d
020 _a978818045074
100 _aGupta, S.K
245 _aStatistical Physics & Optics
260 _aNew Delhi
_bR Chand
_c2020
300 _aMisc
650 _aB.Sc. Non Medical
942 _2ddc
_cBK